000 00417nam a2200145Ia 4500
008 231129s1996||||xx |||||||||||||| ||spa||
020 _a958-9502-11-3
040 _bspa
082 _a616.07 R436s
100 _aRestrepo Ramirez Luis Carlos
245 0 _aSemiologia de las practicas de salud
260 _c1996
264 _aCentro Editorial Javeriano CEJA
942 _2ddc
_cBKS
999 _c24461
_d24461